Statistics for Shady Records Artists

Click here to take the quiz!

General Stats

  • This quiz has been taken 4 times
  • The average score is 6 of 12

Answer Stats

SinceName% Correct
2002-201450 Cent
100%
FounderEminem
100%
2001-2008Obie Trice
75%
2011- presentBad Meets Evil
50%
2006-2011Cashis
50%
2000-2018D12
50%
2005-2009Bobby Creekwater
25%
2017 - presentBoogie
25%
2017 - presentHall N' Nash
25%
2004-2008Stat Quo
25%
2011-2019Yelawolf
25%
2011-2018Slaughterhouse
0%

Score Distribution

Percentile by Number Answered

Percent of People with Each Score

Your Score History

You have not taken this quiz